000 00959cam a22002894a 4500
001 12291046
003 OSt
005 20170105101205.0
008 010126s2000 at a b 001 0 eng
010 _a 2001320390
020 _a0074707205
040 _aDLC
_cDLC
_dDLC
042 _apcc
043 _au-nz---
050 0 0 _aBF713
_b.B57 2000
082 0 0 _a155/.0993
_221
100 1 _aBird, Lise.
245 1 0 _aHuman development in Aotearoa :
_ba journey through life /
_cLise Bird and Wendy Drewery.
260 _aSidney ;
_aNew York :
_bMcGraw-Hill,
_cc2000.
300 _aix, 270 p. :
_bill. ;
_c25 cm.
504 _aIncludes bibliographical references (p. [245]-260) and index.
650 0 _aDevelopmental psychology
_zNew Zealand.
700 1 _aDrewery, Wendy.
906 _a7
_bcbc
_corignew
_d3
_encip
_f20
_gy-gencatlg
942 _2ddc
_cBK
999 _c2946
_d2946